| 000 | 02490cam a22004937a 4500 | ||
|---|---|---|---|
| 003 | CHAP | ||
| 005 | 20220329134724.0 | ||
| 008 | 971013s r 00010 d | ||
| 010 | _a24828 | ||
| 011 | _a25800 | ||
| 035 | _a29900 | ||
| 040 | _cCHAP | ||
| 082 |
_a630.720983 _bI5 |
||
| 110 |
_aInstituto de Investigaciones Agropecuarias. Santiago _959135 |
||
| 245 | 0 | _aMemoria, 19 - 19 | |
| 260 |
_aSantiago : _bEl Instituto, _c19 |
||
| 300 | _av | ||
| 500 | _aLa biblioteca tiene: 1964-65, 1964-68, 1965-66, 1967-68, 1973-74, 1974-75, 1975-76, 1976-77, 1977-79, 1973-81, 1980, 1981, 1983, 1984, 1985, 1986, 1987, 1988 | ||
| 590 |
_aBATCH-UPD _b10 _c20130110 _lUCH01 _h0204 |
||
| 590 |
_aBATCH-UPD _b10 _c20130110 _lUCH01 _h2317 |
||
| 590 |
_aBATCH-UPD _b10 _c20130410 _lUCH01 _h1607 |
||
| 590 |
_aCONVERSION _b10 _c20130109 _lUCH01 _h1314 |
||
| 650 | 1 | 4 |
_aAgricultura _xChile. _91358 |
| 650 | 1 | 4 |
_aAgricultura _xInvestigacion _xChile. _91599 |
| 901 | _aBK | ||
| 942 | _cLIBRO | ||
| 949 |
_a630.720983 I5 _bBC _cLIBRO _d33724000044715 _eLIBRO _f1988 _h80761 _i29900 _si |
||
| 949 |
_a630.720983 I5 _bBC _cLIBRO _d33724000044905 _eLIBRO _f1973-74 _h43497 _i29900 _si |
||
| 949 |
_a630.720983 I5 _bBC _cLIBRO _d33724000044913 _eLIBRO _f1983 _i29900 _si |
||
| 949 |
_a630.720983 I5 _bBC _cLIBRO _d33724000044921 _eLIBRO _f1986 _h72750 _i29900 _si |
||
| 949 |
_a630.720983 I5 _bBC _cLIBRO _d33724000045050 _eLIBRO _f1967-68 _h15199 _i29900 _si |
||
| 949 |
_a630.720983 I5 _bBC _cLIBRO _d33724000045233 _eLIBRO _f1980 _h66309 _i29900 _si |
||
| 949 |
_a630.720983 I5 _bBC _cLIBRO _d33724000045241 _eLIBRO _f1974-75 _h47774 _i29900 _si |
||
| 949 |
_a630.720983 I5 _bBC _cLIBRO _d33724000045373 _eLIBRO _f1976-77 _h28359 _i29900 _si |
||
| 949 |
_a630.720983 I5 _bBC _cLIBRO _d33724000045381 _eLIBRO _f1984 _h67261 _i29900 _si |
||
| 949 |
_a630.720983 I5 _bBC _cLIBRO _d33724000045449 _eLIBRO _f1965-66 _h20141 _i29900 _mTŁtulo varŁa : _si |
||
| 949 |
_a630.720983 I5 _bBC _cLIBRO _d33724000045530 _eLIBRO _f1975-76 _h13798 _i29900 _si |
||
| 949 |
_a630.720983 I5 _bBC _cLIBRO _d33724000045605 _eLIBRO _f1987 _h74370 _i29900 _si |
||
| 949 |
_a630.720983 I5 _bBC _cLIBRO _d33724000045704 _eLIBRO _f1964-65 _h20141 _i29900 _si |
||
| 949 |
_a630.720983 I5 _bBC _cLIBRO _d33724000045845 _eLIBRO _f1986 c.2 _h74384 _i29900 _si |
||
| 949 |
_a630.720983 I5 _bBC _cLIBRO _d33724000045985 _eLIBRO _f1977-79 _h66308 _i29900 _si |
||
| 949 |
_a630.720983 I5 _bBC _cLIBRO _d33724000046058 _eLIBRO _f1981 _h66310 _i29900 _si |
||
| 949 |
_a630.720983 I5 _bBC _cLIBRO _d33724000046231 _eLIBRO _f1985 _h72906 _i29900 _si |
||
| 999 |
_c24828 _d24828 |
||